State Quiz - Tamil Nadu - Statistics

General Stats
  • This quiz has been taken 700 times
  • The average score is 13 of 20
Answer Stats
Hint Answer % Correct
Capital city of Tamil Nadu Chennai
96%
Bay that city overlooks Bay of {Bengal}
93%
Former name of the above Madras
87%
Second most spoken language, also starts with T Telugu
83%
Tamil is considered to be one of the world's ______ living classical languages Oldest
73%
Union territory Tamil Nadu borders Puducherry
70%
Nickname of the Tamil cinema {Kolly}wood
68%
Sarvepalli Radhakrishnan, Ramaswamy Venkataraman and APJ Abdul Kalam wereall politicians from TN who served as __________ of India {President}s
68%
Tamil is part of this language family Dravidian languages
67%
Second-most populous city Coimbatore
63%
Small town that is home to India's southernmost point Kanyakumari
63%
The only state that has a higher GDP than Tamil Nadu Maharashtra
58%
Tamil Nadu's "Steel City", namesake of a witch trail city in the U.S. Salem
56%
Composer who won two Oscars for the movie "Slumdog Millionaire" A. R. Rahman
55%
Mountain range whose southern parts are located in Tamil Nadu Eastern {Ghat}s
55%
River that cuts Tamil Nadu into southern and northern parts Kaveri
52%
Country with the highest number of Tamil diaspora Malaysia
51%
Chain of islands and shallow waters connecting India and Sri Lanka {Adam}'s Bridge
49%
Gulf between Sri Lanka and Tamil Nadu Gulf of {Mannar}
36%
Sea located between Tamil Nadu, Maldives and Sri Lanka Laccadive Sea
27%
No matching quizzes found
Score Distribution
Percent of People with Each Score
Percentile by Number Answered
Your Score History
You have not taken this quiz